Agent sourcebook /

Guardado en:
Autor Principal: Caglayan, A.
Otros Autores: Harrison, Colin G.
Formato: Libro
Idioma:English
Publicado: New York : Wiley, c1997.
Materias:
Acceso en línea:Contributor biographical information
Publisher description
Table of Contents
Etiquetas: Agregar Etiqueta
Sin Etiquetas, Sea el primero en etiquetar este registro!
LEADER 01194cam a2200301 a 4500
001 DCC.dcic001092
008 970107s1997####nyua#####b####001#0#eng##
005 20151130130942.0
245 1 0 |a Agent sourcebook /  |c Alper Caglayan, Colin Harrison. 
260 |a New York :  |b Wiley,  |c c1997. 
300 |a xviii, 349 p. :  |b il. ;  |c 24 cm. 
500 |a "Wiley computer publishing." 
504 |a Incluye referencias bibliográficas (p. 331-340) e índice. 
020 |a 0471153273 (pbk. : alk. paper) 
100 1 |a Caglayan, A. 
700 1 |a Harrison, Colin G. 
082 0 0 |a 658/.00285/63  |2 21 
650 0 |a Industrial management  |x Data processing. 
650 0 |a Artificial intelligence. 
650 0 |a Intelligent agents (Computer software) 
010 |a  97001971  
040 |a DLC  |c DLC  |d DLC 
050 0 0 |a HD30.2  |b .C34 1997 
856 4 2 |3 Contributor biographical information  |u http://www.loc.gov/catdir/bios/wiley047/97001971.html 
856 4 2 |3 Publisher description  |u http://www.loc.gov/catdir/description/wiley032/97001971.html 
856 4 |3 Table of Contents  |u http://www.loc.gov/catdir/toc/onix02/97001971.html 
859 |a DCIC  |b BIB. COMPUTACION  |p 1767  |t 1 
859 |a DCIC  |b BIB. COMPUTACION  |p 1798  |t 2